[Event "FRA-ch Youth U14 2018"]
[Site "Agen"]
[Date "2018.04.17"]
[Round "4"]
[White "Lary, Damien"]
[Black "Popov, Konstantin"]
[Result "1/2-1/2"]
[WhiteElo "2072"]
[BlackElo "2150"]
[Annotator "NA"]
[PlyCount "119"]
[EventDate "2018.??.??"]
[EventType "swiss"]
[EventCountry "FRA"]
[SourceTitle "playchess.com"]
[Source "ChessBase"]
[SourceQuality "1"]
[TimeControl "5400+30"]

1. d4 {[%emt 0:00:00]} Nf6 {[%emt 0:00:18]} 2. c4 {[%emt 0:00:00]} g6 {[%emt 0:00:20]} 3. f3 {[%emt 0:00:00]} Nc6 {[%emt 0:00:20] E60: King's Indian: Unusual lines and Fianchetto Variation without Nc3} (3... c5 4. d5 d6 5. e4 e6 6. Nc3 exd5 7. cxd5 Bg7 8. Nge2 Nbd7 9. Ng3 h5 10. Be2 Nh7 11. Bf4 Qe7 12. Qd2 h4 13. Nf1 g5 14. Be3 Ne5 15. g3 Bd7 16. gxh4 gxh4 {½-½ (42) Aronian,L (2794)-Grischuk,A (2767) Berlin 2018}) 4. e4 {[%emt 0:01:25]} e5 {[%emt 0:01:33]} 5. Ne2 {[%emt 0:03:43]} exd4 {[%emt 0:19:55]} 6. Nxd4 {[%emt 0:00:08]} Nxe4 $146 {[%emt 0:14:20]} ({Find the theoretical novelty and annotate with similar games:} 6... Bg7 7. Nxc6 bxc6 8. Nc3 O-O 9. Be2 d5 10. cxd5 cxd5 11. exd5 {1-0 (60) Bercys,S (2434)-Shabalov,A (2580) ICC INT 2009}) 7. fxe4 {[%emt 0:05:57]} Qh4+ {[%emt 0:01:32]} 8. g3 {[%emt 0:00:11]} Qxe4+ {[%emt 0:00:29]} 9. Qe2 {[%emt 0:00:06]} Qxe2+ {[%emt 0:00:29]} 10. Nxe2 {[%emt 0:00:02]} Bg7 {[%emt 0:00:21]} 11. Nbc3 {[%emt 0:07:19]} Nb4 {[%emt 0:01:42]} 12. Kd1 {[%emt 0:00:16]} d6 {[%emt 0:02:45]} 13. Nd5 {[%emt 0:15:01]} Nxd5 {[%emt 0:00:17]} 14. cxd5 {[%emt 0:00:02]} O-O {[%emt 0:02:13]} 15. Nc3 {[%emt 0:00:49]} Re8 {[%emt 0:01:36]} 16. Bd3 {[%emt 0:04:23]} Bxc3 {[%emt 0:09:30]} 17. bxc3 {[%emt 0:00:02]} Bg4+ {[%emt 0:00:02]} 18. Kc2 {[%emt 0:00:22]} Bf3 {[%emt 0:00:02]} 19. Rf1 {[%emt 0:01:00]} Bxd5 {[%emt 0:00:10]} 20. c4 {[%emt 0:04:21]} Be4 {[%emt 0:03:46]} 21. Rf6 {[%emt 0:01:08]} Bxd3+ {[%emt 0:00:34]} 22. Kxd3 {[%emt 0:00:01]} Re1 {[%emt 0:04:14]} 23. Bb2 $16 {[%emt 0:03:07]} Rxa1 {[%emt 0:00:20]} 24. Bxa1 {[%emt 0:00:01]} Re8 {[%emt 0:00:28]} 25. g4 {[%emt 0:02:43]} Re1 {[%emt 0:00:41]} 26. Bc3 {[%emt 0:00:05]} Rg1 {[%emt 0:22:21]} 27. Rf4 {[%emt 0:01:09]} Kf8 {[%emt 0:04:55]} 28. h4 {[%emt 0:09:27]} Rg3+ {[%emt 0:01:10]} 29. Kc2 {[%emt 0:00:10]} Re3 30. Bd4 {[%emt 0:03:08]} Re2+ {[%emt 0:02:31]} 31. Kd3 {[%emt 0:03:13]} Re8 {[%emt 0:03:38]} 32. h5 {[%emt 0:01:48]} Kg8 {[%emt 0:02:17]} 33. Bf6 {[%emt 0:08:50]} h6 {[%emt 0:01:06]} 34. Bd4 {[%emt 0:03:21]} c5 {[%emt 0:00:50]} 35. Bc3 {[%emt 0:00:07]} gxh5 {[%emt 0:00:13]} 36. gxh5 {[%emt 0:00:07]} Re6 {[%emt 0:00:02]} 37. Rg4+ {[%emt 0:00:42]} Kf8 {[%emt 0:00:04]} 38. Rg7 {[%emt 0:00:38]} a6 {[%emt 0:01:28]} 39. Rh7 {[%emt 0:00:18]} b5 {[%emt 0:00:26]} 40. Rh8+ {[%emt 0:00:27]} Ke7 {[%emt 0:00:07]} 41. Bg7 {[%emt 0:01:38]} Re1 {[%emt 0:00:53]} 42. Bxh6 {[%emt 0:00:51]} Rd1+ {[%emt 0:00:18]} 43. Kc3 {[%emt 0:02:37]} Rh1 {[%emt 0:00:38]} 44. Bg5+ {[%emt 0:03:34]} f6 {[%emt 0:00:15]} 45. Bf4 {[%emt 0:04:08]} Rh3+ {[%emt 0:00:16]} 46. Kc2 {[%emt 0:00:13]} bxc4 {[%emt 0:00:40]} 47. h6 {[%emt 0:00:09]} d5 {[%emt 0:00:38]} 48. Ra8 {[%emt 0:01:30]} Ke6 {[%emt 0:00:17]} 49. Rxa6+ {[%emt 0:00:35]} Kf5 {[%emt 0:00:05]} 50. Bd2 {[%emt 0:00:22]} Ke5 {[%emt 0:01:11]} 51. Rc6 {[%emt 0:05:06]} Kd4 {[%emt 0:00:27]} 52. Rxf6 {[%emt 0:00:39]} c3 {[%emt 0:00:22]} 53. Bf4 {[%emt 0:00:41]} Kc4 {[%emt 0:00:46]} 54. Be5 {[%emt 0:06:36]} d4 {[%emt 0:00:13]} 55. Rd6 {[%emt 0:00:43]} d3+ {[%emt 0:00:52]} 56. Rxd3 {[%emt 0:00:02]} Rxd3 {[%emt 0:00:09]} 57. h7 {[%emt 0:00:03]} Rh3 {[%emt 0:00:04]} 58. h8=Q {[%emt 0:00:06]} Rxh8 {[%emt 0:00:05]} 59. Bxh8 {[%emt 0:00:04]} Kb4 {[%emt 0:00:14]} 60. Bxc3+ {[%emt 0:00:17]} 1/2-1/2

[Event "FRA-ch Youth U14 2018"]
[Site "Agen"]
[Date "2018.04.17"]
[Round "4"]
[White "Nguyen-Cadoret, Nathan"]
[Black "Ciccoli, Theo"]
[Result "1/2-1/2"]
[WhiteElo "1964"]
[BlackElo "2126"]
[Annotator "NA"]
[PlyCount "72"]
[EventDate "2018.??.??"]
[EventType "swiss"]
[EventCountry "FRA"]
[SourceTitle "playchess.com"]
[Source "ChessBase"]
[SourceQuality "1"]
[TimeControl "5400+30"]

1. d4 {[%emt 0:00:00]} Nf6 {[%emt 0:00:29]} 2. c4 {[%emt 0:00:00]} c5 {[%emt 0:00:09]} 3. d5 {[%emt 0:00:00]} b5 {[%emt 0:00:22]} 4. Qc2 {[%emt 0:01:09]} bxc4 {[%emt 0:03:58]} 5. e4 {[%emt 0:01:03]} d6 {[%emt 0:00:53]} 6. Bxc4 {[%emt 0:01:03]} g6 {[%emt 0:01:01]} 7. Nf3 {[%emt 0:02:30]} Bg7 {[%emt 0:02:36]} 8. O-O {[%emt 0:00:30]} O-O {[%emt 0:01:32]} 9. Nc3 {[%emt 0:01:26] LiveBook: 94 Games} Nbd7 {[%emt 0:01:52]} 10. Bf4 {[%emt 0:06:32]} Ng4 $11 {[%emt 0:02:35]} 11. Rab1 {[%emt 0:08:43]} Nge5 {[%emt 0:07:57]} 12. Nxe5 {[%emt 0:02:14]} Nxe5 {[%emt 0:00:25]} 13. b3 {[%emt 0:02:17]} f5 {[%emt 0:11:07]} 14. f3 {[%emt 0:14:56]} h6 {[%emt 0:12:49]} 15. Ne2 {[%emt 0:06:39]} g5 {[%emt 0:06:50]} 16. Bxe5 {[%emt 0:08:07]} Bxe5 {[%emt 0:00:54]} 17. exf5 {[%emt 0:03:33]} Bxf5 {[%emt 0:01:42]} 18. Bd3 {[%emt 0:00:15]} Qd7 {[%emt 0:10:09]} 19. f4 {[%emt 0:20:36]} gxf4 {[%emt 0:08:51]} 20. Nxf4 {[%emt 0:01:33]} Bxd3 {[%emt 0:04:09]} 21. Qxd3 {[%emt 0:08:01]} Qf5 {[%emt 0:01:46]} 22. Qxf5 {[%emt 0:01:45]} Rxf5 {[%emt 0:00:46]} 23. Ne6 {[%emt 0:00:34]} Rxf1+ {[%emt 0:00:35]} 24. Rxf1 {[%emt 0:00:29]} a5 {[%emt 0:01:10]} 25. g3 {[%emt 0:04:00]} a4 {[%emt 0:01:54]} 26. Kg2 {[%emt 0:01:54]} axb3 {[%emt 0:05:41]} 27. axb3 {[%emt 0:00:05]} Rb8 {[%emt 0:00:53]} 28. Rf3 {[%emt 0:00:44]} Rb4 {[%emt 0:01:39]} 29. Kh3 {[%emt 0:01:09]} h5 {[%emt 0:03:07]} 30. Rf5 {[%emt 0:02:32]} Rxb3 {[%emt 0:02:05]} 31. Nxc5 {[%emt 0:00:15]} dxc5 {[%emt 0:02:52]} 32. Rxe5 {[%emt 0:00:04]} Rb7 {[%emt 0:01:02]} 33. Rxh5 {[%emt 0:00:43]} c4 {[%emt 0:00:28]} 34. Rh4 {[%emt 0:00:28]} Rc7 {[%emt 0:00:14]} 35. Rd4 {[%emt 0:00:22]} c3 {[%emt 0:00:15]} 36. Rd1 {[%emt 0:00:04]} Kf7 {[%emt 0:01:04]} 1/2-1/2

[Event "FRA-ch Youth U14 2018"]
[Site "Agen"]
[Date "2018.04.17"]
[Round "4"]
[White "Decuigniere, Tom"]
[Black "Bacrot, Alexandre"]
[Result "1/2-1/2"]
[WhiteElo "1962"]
[BlackElo "2180"]
[Annotator "NA"]
[PlyCount "203"]
[EventDate "2018.??.??"]
[EventType "swiss"]
[EventCountry "FRA"]
[SourceTitle "playchess.com"]
[Source "ChessBase"]
[SourceQuality "1"]
[TimeControl "5400+30"]

1. c4 {[%emt 0:00:00]} e5 {[%emt 0:00:09]} 2. g3 {[%emt 0:00:00]} c6 {[%emt 0:00:11]} 3. Nf3 {[%emt 0:00:00]} e4 {[%emt 0:00:05]} 4. Nd4 {[%emt 0:00:00]} d5 {[%emt 0:00:05]} 5. cxd5 {[%emt 0:00:11]} Qxd5 {[%emt 0:00:05]} 6. Nb3 {[%emt 0:02:33]} Nf6 {[%emt 0:02:35]} 7. Nc3 {[%emt 0:02:54]} Qe5 {[%emt 0:00:06]} 8. Bg2 {[%emt 0:03:29]} Bf5 {[%emt 0:00:45]} 9. O-O {[%emt 0:03:04]} Be7 $16 {[%emt 0:05:51]} 10. d3 {[%emt 0:12:03]} exd3 {[%emt 0:08:05]} 11. exd3 {[%emt 0:18:34]} Qc7 {[%emt 0:05:20]} 12. Bf4 {[%emt 0:12:51]} Qd7 {[%emt 0:03:43]} 13. Ne4 {[%emt 0:00:29]} Na6 {[%emt 0:15:37]} 14. Nxf6+ {[%emt 0:06:22]} Bxf6 {[%emt 0:00:01]} 15. Re1+ {[%emt 0:00:08]} Kf8 {[%emt 0:00:04]} 16. d4 {[%emt 0:01:22]} Rd8 {[%emt 0:13:07]} 17. Qe2 {[%emt 0:09:01]} h6 {[%emt 0:13:53]} 18. Nc5 {[%emt 0:08:18]} Nxc5 {[%emt 0:00:59]} 19. dxc5 {[%emt 0:00:20]} Kg8 {[%emt 0:00:00]} 20. Rad1 {[%emt 0:00:17]} Qc8 {[%emt 0:00:34]} 21. b4 {[%emt 0:01:32]} Kh7 {[%emt 0:00:18]} 22. Bd6 {[%emt 0:04:42]} Bc3 {[%emt 0:06:02]} 23. Rf1 {[%emt 0:00:21]} Qe6 {[%emt 0:00:41]} 24. Qxe6 {[%emt 0:01:31]} Bxe6 {[%emt 0:00:08]} 25. a3 {[%emt 0:00:13]} Bc4 {[%emt 0:00:11]} 26. Be4+ {[%emt 0:00:02]} g6 {[%emt 0:00:31]} 27. Bd3 {[%emt 0:00:05]} Bd5 {[%emt 0:01:12]} 28. Rb1 {[%emt 0:02:19]} a6 {[%emt 0:01:48]} 29. Rfc1 {[%emt 0:00:56]} Bf6 {[%emt 0:03:46]} 30. Bc4 {[%emt 0:01:51]} Be4 {[%emt 0:06:04]} 31. Rb3 {[%emt 0:00:06]} Kg7 {[%emt 0:00:26]} 32. Re1 {[%emt 0:00:23]} Bf5 {[%emt 0:00:57]} 33. Rbe3 {[%emt 0:06:02]} Rd7 {[%emt 0:03:55]} 34. a4 {[%emt 0:02:02]} Rhd8 {[%emt 0:01:56]} 35. Kg2 {[%emt 0:01:59]} Rxd6 {[%emt 0:01:18]} 36. cxd6 {[%emt 0:00:05]} Rxd6 {[%emt 0:00:06]} 37. b5 {[%emt 0:01:14]} Rd4 {[%emt 0:02:26]} 38. Rc1 {[%emt 0:00:21]} axb5 {[%emt 0:02:32]} 39. axb5 {[%emt 0:00:01]} Be4+ {[%emt 0:00:36]} 40. Kg1 {[%emt 0:00:57]} c5 {[%emt 0:00:54]} 41. Rxe4 {[%emt 0:01:04]} Rxe4 {[%emt 0:00:34]} 42. Bd5 {[%emt 0:00:00]} Re2 {[%emt 0:01:21]} 43. Rxc5 {[%emt 0:01:12]} Bd4 {[%emt 0:01:25]} 44. Rc4 {[%emt 0:00:01]} Rd2 {[%emt 0:00:28]} 45. Bxb7 {[%emt 0:00:41]} Bxf2+ {[%emt 0:00:02]} 46. Kf1 {[%emt 0:00:35]} Be3 {[%emt 0:00:25]} 47. Rc3 {[%emt 0:00:32]} Bd4 {[%emt 0:00:19]} 48. Rc4 {[%emt 0:00:09]} Bb6 {[%emt 0:00:24]} 49. Rc6 {[%emt 0:00:29]} Be3 {[%emt 0:00:05]} 50. Rc3 {[%emt 0:00:04]} Ba7 {[%emt 0:00:22]} 51. h3 {[%emt 0:00:17]} Rf2+ {[%emt 0:00:20]} 52. Ke1 Rb2 53. Bc6 {[%emt 0:00:44]} Bb6 {[%emt 0:00:58]} 54. Kf1 {[%emt 0:00:35]} Rf2+ {[%emt 0:00:14]} 55. Ke1 {[%emt 0:00:24]} Rh2 {[%emt 0:00:02]} 56. Kf1 {[%emt 0:00:55]} Rxh3 {[%emt 0:00:21]} 57. Kg2 {[%emt 0:00:02]} Rh5 {[%emt 0:00:09]} 58. Rd3 {[%emt 0:00:34]} Rc5 {[%emt 0:00:19]} 59. Rd2 {[%emt 0:00:41]} Rc4 {[%emt 0:01:42]} 60. Re2 {[%emt 0:01:08]} Rb4 {[%emt 0:00:25]} 61. Be8 {[%emt 0:00:55]} Kf8 {[%emt 0:00:22]} 62. Bc6 {[%emt 0:00:06]} Kg7 {[%emt 0:00:56]} 63. Be8 {[%emt 0:00:18]} h5 {[%emt 0:00:05]} 64. Bc6 {[%emt 0:00:36]} Rb3 {[%emt 0:01:38]} 65. Rc2 {[%emt 0:01:16]} Bc7 {[%emt 0:01:06]} 66. Bf3 {[%emt 0:00:01]} Bxg3 {[%emt 0:00:12]} 67. Kxg3 {[%emt 0:00:05]} Rxb5 {[%emt 0:00:05]} 68. Rc6 {[%emt 0:01:06]} Rb3 {[%emt 0:01:09]} 69. Kg2 {[%emt 0:00:37]} Rb2+ {[%emt 0:00:55]} 70. Kg3 {[%emt 0:00:02]} Rb3 {[%emt 0:00:32]} 71. Kg2 {[%emt 0:00:01]} f5 {[%emt 0:00:12]} 72. Bd5 {[%emt 0:00:42]} Rd3 {[%emt 0:00:33]} 73. Be6 {[%emt 0:01:00]} Re3 {[%emt 0:00:59]} 74. Kf2 {[%emt 0:00:11]} Ra3 {[%emt 0:00:28]} 75. Bd7 {[%emt 0:00:12]} Ra5 {[%emt 0:00:16]} 76. Be8 {[%emt 0:00:10]} g5 {[%emt 0:00:55]} 77. Rg6+ {[%emt 0:00:31]} Kf8 {[%emt 0:00:05]} 78. Rxg5 {[%emt 0:00:03]} Kxe8 {[%emt 0:00:05]} 79. Rxh5 {[%emt 0:00:03]} Kf7 {[%emt 0:00:05]} 80. Rh6 {[%emt 0:00:04]} Ra3 {[%emt 0:00:27]} 81. Rb6 {[%emt 0:00:05]} Rh3 {[%emt 0:00:19]} 82. Ra6 {[%emt 0:00:05]} Rh7 {[%emt 0:00:30]} 83. Ra7+ {[%emt 0:00:06]} Kg6 {[%emt 0:00:03]} 84. Rxh7 {[%emt 0:00:04]} Kxh7 {[%emt 0:00:03]} 85. Kf3 {[%emt 0:00:05]} Kg6 {[%emt 0:00:04]} 86. Kf4 {[%emt 0:00:04]} Kf6 {[%emt 0:00:03]} 87. Kf3 {[%emt 0:00:04]} Kg5 {[%emt 0:00:04]} 88. Kg3 {[%emt 0:00:04]} f4+ {[%emt 0:00:03]} 89. Kf3 {[%emt 0:00:02]} Kf5 {[%emt 0:00:05]} 90. Kf2 {[%emt 0:00:04]} Kg4 {[%emt 0:00:06]} 91. Kg2 {[%emt 0:00:04]} Kg5 {[%emt 0:00:08]} 92. Kf3 {[%emt 0:00:01]} Kf5 {[%emt 0:00:06]} 93. Kf2 {[%emt 0:00:02]} Ke4 {[%emt 0:00:07]} 94. Ke2 {[%emt 0:00:04]} f3+ {[%emt 0:00:04]} 95. Kf2 {[%emt 0:00:02]} Kf4 {[%emt 0:00:05]} 96. Kf1 {[%emt 0:00:00]} Ke3 {[%emt 0:00:00]} 97. Ke1 {[%emt 0:00:00]} Ke4 {[%emt 0:00:00]} 98. Kf2 {[%emt 0:00:00]} Kf4 {[%emt 0:00:00]} 99. Kf1 {[%emt 0:00:00]} Kg3 {[%emt 0:00:00]} 100. Kg1 {[%emt 0:00:00]} f2+ {[%emt 0:00:00]} 101. Kf1 {[%emt 0:00:02]} Kf4 {[%emt 0:00:00]} 102. Kxf2 {[%emt 0:00:08]} 1/2-1/2

[Event "FRA-ch Youth U14 2018"]
[Site "Agen"]
[Date "2018.04.17"]
[Round "4"]
[White "Moracchini, Margaux"]
[Black "Amr-Tardif, Corail"]
[Result "0-1"]
[WhiteElo "1939"]
[BlackElo "1495"]
[Annotator "NA"]
[PlyCount "108"]
[EventDate "2018.??.??"]
[EventType "swiss"]
[EventCountry "FRA"]
[SourceTitle "playchess.com"]
[Source "ChessBase"]
[SourceQuality "1"]
[TimeControl "5400+30"]

1. e4 {[%emt 0:01:44]} d6 {[%emt 0:00:08]} 2. d4 {[%emt 0:00:48]} Nf6 {[%emt 0:00:05]} 3. Nc3 {[%emt 0:00:08]} g6 {[%emt 0:00:06]} 4. g3 {[%emt 0:01:19]} Bg7 {[%emt 0:00:06]} 5. Bg2 {[%emt 0:00:07]} O-O {[%emt 0:00:23]} 6. Nge2 {[%emt 0:00:13]} c6 {[%emt 0:01:25]} 7. a4 {[%emt 0:00:54]} e5 {[%emt 0:01:11]} 8. h3 {[%emt 0:02:19]} exd4 {[%emt 0:00:25]} 9. Nxd4 {[%emt 0:00:18]} Nbd7 {[%emt 0:01:21]} 10. O-O {[%emt 0:00:41]} Nc5 {[%emt 0:01:57] LiveBook: 3 Games B07: Pirc Defence: Miscellaneous Systems} 11. Kh2 $146 {[%emt 0:01:40]} ({Predecessor:} 11. a5 $14 Re8 12. Re1 d5 13. exd5 Rxe1+ 14. Qxe1 Nxd5 15. Nxd5 cxd5 16. Be3 Ne6 17. Rd1 Qc7 18. Nb5 Qxc2 19. Bxd5 Qxb2 20. Nxa7 Bd7 21. a6 Bc6 22. Nxc6 bxc6 23. Bxe6 fxe6 24. a7 Qa2 25. Qb4 Rf8 26. Qxf8+ {1-0 (26) Cuenca Jimenez,J (2493)-Hernando Rodrigo,J (2302) Montcada 2011}) 11... Ne6 {[%emt 0:14:49]} 12. Nde2 {[%emt 0:05:17]} Qc7 {[%emt 0:03:05]} 13. Be3 {[%emt 0:10:25]} Re8 {[%emt 0:03:18]} 14. f4 {[%emt 0:09:26]} Nc5 {[%emt 0:04:36]} 15. Bxc5 {[%emt 0:10:15]} dxc5 {[%emt 0:00:08]} 16. e5 {[%emt 0:04:03]} Rd8 {[%emt 0:00:58]} 17. Qc1 {[%emt 0:01:55]} Nd5 {[%emt 0:01:39]} 18. Nxd5 {[%emt 0:07:52]} cxd5 {[%emt 0:00:08]} 19. Nc3 {[%emt 0:00:27]} Be6 {[%emt 0:05:07]} 20. Rd1 {[%emt 0:01:06]} d4 {[%emt 0:06:41]} 21. Nb5 {[%emt 0:04:16]} Qb6 {[%emt 0:00:15]} 22. Nd6 {[%emt 0:02:39]} Rab8 {[%emt 0:03:28]} 23. Qd2 {[%emt 0:10:34]} a6 {[%emt 0:07:15]} 24. b4 {[%emt 0:04:42]} cxb4 {[%emt 0:07:49]} 25. Qxd4 $11 {[%emt 0:00:22]} Qxd4 {[%emt 0:03:20]} 26. Rxd4 {[%emt 0:00:05]} Rbc8 {[%emt 0:14:15]} 27. Rd2 {[%emt 0:06:39]} Bf8 {[%emt 0:04:58]} 28. Bxb7 {[%emt 0:03:03]} Rc7 {[%emt 0:01:25]} 29. Bxa6 {[%emt 0:01:19]} Bxd6 {[%emt 0:00:52]} 30. Rad1 {[%emt 0:01:40]} b3 {[%emt 0:08:08]} 31. exd6 {[%emt 0:04:34]} Rxc2 {[%emt 0:00:36]} 32. Re2 {[%emt 0:03:13]} Rxe2+ {[%emt 0:02:24]} 33. Bxe2 {[%emt 0:00:04]} Bf5 {[%emt 0:00:48]} 34. Rd2 {[%emt 0:01:22]} Bc2 {[%emt 0:01:05]} 35. Bd1 {[%emt 0:00:50]} Bxd1 {[%emt 0:01:16]} 36. Rxd1 {[%emt 0:00:03]} Kf8 {[%emt 0:00:07]} 37. Kg2 {[%emt 0:00:16]} Ke8 {[%emt 0:01:35]} 38. Re1+ {[%emt 0:00:59]} Kd7 {[%emt 0:01:11]} 39. Rd1 {[%emt 0:00:38]} Rb8 {[%emt 0:00:14]} 40. Kf3 {[%emt 0:00:17]} b2 {[%emt 0:00:06]} 41. Rb1 {[%emt 0:00:03]} Kxd6 {[%emt 0:00:08]} 42. a5 {[%emt 0:00:11]} Rb3+ {[%emt 0:00:14]} 43. Ke4 {[%emt 0:00:32]} Kc5 {[%emt 0:01:01]} 44. g4 {[%emt 0:00:30]} Kc4 {[%emt 0:01:11]} 45. a6 {[%emt 0:00:41]} Kc3 {[%emt 0:00:05]} 46. a7 {[%emt 0:00:31]} Ra3 {[%emt 0:00:05]} 47. Rg1 {[%emt 0:00:23]} Rxa7 {[%emt 0:00:25]} 48. Ke5 {[%emt 0:00:16]} Ra1 {[%emt 0:00:26]} 49. Rg3+ {[%emt 0:00:32]} Kc4 {[%emt 0:00:21]} 50. Kf6 {[%emt 0:00:04]} b1=Q {[%emt 0:00:12]} 51. Kxf7 {[%emt 0:00:02]} Ra7+ {[%emt 0:00:25]} 52. Kf6 {[%emt 0:00:05]} Qb6+ {[%emt 0:00:13]} 53. Kg5 {[%emt 0:00:06]} Ra5+ {[%emt 0:00:11]} 54. Kh6 {[%emt 0:00:27]} g5+ {[%emt 0:00:23]} 0-1

[Event "FRA-ch Youth U14 2018"]
[Site "Agen"]
[Date "2018.04.17"]
[Round "4"]
[White "Randrianarimanana, Alicia"]
[Black "Tomasi, Elise"]
[Result "1-0"]
[WhiteElo "1872"]
[BlackElo "1689"]
[Annotator "NA"]
[PlyCount "41"]
[EventDate "2018.??.??"]
[EventType "swiss"]
[EventCountry "FRA"]
[SourceTitle "playchess.com"]
[Source "ChessBase"]
[SourceQuality "1"]
[TimeControl "5400+30"]

1. e4 e5 {[%emt 0:00:15]} 2. Nc3 {[%emt 0:00:00]} Nf6 {[%emt 0:00:24]} 3. Bc4 {[%emt 0:00:00]} Bc5 {[%emt 0:00:14]} 4. d3 {[%emt 0:00:00]} Nc6 {[%emt 0:00:53]} 5. f4 {[%emt 0:00:00]} d6 {[%emt 0:00:17]} 6. Na4 {[%emt 0:00:23]} Bb6 {[%emt 0:00:41]} 7. Nxb6 {[%emt 0:00:08]} axb6 {[%emt 0:00:24]} 8. Nf3 {[%emt 0:00:05]} O-O {[%emt 0:07:23]} 9. O-O {[%emt 0:00:43] C27: Vienna Game: 2...Nf6 3 Bc4 Nxe4} Qe7 {[%emt 0:13:26]} (9... Na5 10. Nd2 exf4 11. Rxf4 Nxc4 12. Nxc4 d5 13. exd5 Nxd5 14. Rf2 Re8 15. Qf3 Re1+ 16. Rf1 Rxf1+ 17. Qxf1 {½-½ (24) Adhiban,B (2655)-Movsesian,S (2647) Riadh 2017}) 10. c3 {[%emt 0:01:05]} Na5 {[%emt 0:01:44]} 11. Bd5 {[%emt 0:04:11]} c6 {[%emt 0:03:29]} 12. Bxf7+ $146 {[%emt 0:00:30]} ({Find the theoretical novelty and annotate with similar games:} 12. Bb3 Nxb3 13. Qxb3 b5 14. a3 Bg4 {½-½ (49) Shen,J (1810)-Mangei,J (1796) Hannover 2014}) 12... Rxf7 {[%emt 0:00:30]} 13. b4 {[%emt 0:07:44]} Bg4 {[%emt 0:11:26]} 14. bxa5 {[%emt 0:11:05]} Rxa5 {[%emt 0:03:45]} 15. h3 {[%emt 0:15:43]} Bxf3 {[%emt 0:02:00]} 16. Qxf3 {[%emt 0:00:55]} Ra8 {[%emt 0:12:40]} 17. c4 {[%emt 0:03:17]} Nd7 {[%emt 0:05:15]} 18. Qg3 {[%emt 0:03:19]} Raf8 {[%emt 0:05:28]} 19. Be3 {[%emt 0:01:31]} exf4 $11 {[%emt 0:04:48]} 20. Bxf4 {[%emt 0:00:14]} Ne5 {[%emt 0:01:32]} 21. Bxe5 1-0

[Event "FRA-ch Youth U14 2018"]
[Site "Agen"]
[Date "2018.04.17"]
[Round "4"]
[White "Sumarriva Paulin, Laura"]
[Black "Nguyen, Thao Nhi"]
[Result "1-0"]
[WhiteElo "1665"]
[BlackElo "1861"]
[Annotator "NA"]
[PlyCount "40"]
[EventDate "2018.??.??"]
[EventType "swiss"]
[EventCountry "FRA"]
[SourceTitle "playchess.com"]
[Source "ChessBase"]
[SourceQuality "1"]
[TimeControl "5400+30"]

1. d4 {[%emt 0:00:00]} c5 {[%emt 0:00:03]} 2. e3 {[%emt 0:00:05]} e6 {[%emt 0:00:23]} 3. c4 {[%emt 0:00:27]} Nf6 {[%emt 0:01:11]} 4. Nc3 {[%emt 0:00:34]} d5 {[%emt 0:01:59]} 5. Nf3 {[%emt 0:03:17] LiveBook: 2302 Games} Nc6 {[%emt 0:02:54]} 6. Bd3 {[%emt 0:05:39]} Be7 $11 {[%emt 0:04:38]} 7. O-O {[%emt 0:03:04]} O-O {[%emt 0:01:39]} 8. dxc5 {[%emt 0:06:48]} Bxc5 {[%emt 0:01:21]} 9. a3 {[%emt 0:01:12]} a5 {[%emt 0:02:45]} 10. Qc2 {[%emt 0:02:21]} h6 {[%emt 0:06:46]} 11. b3 {[%emt 0:05:53]} d4 {[%emt 0:05:54]} 12. Rd1 {[%emt 0:02:50]} Kh8 {[%emt 0:00:30]} 13. Be4 {[%emt 0:00:30]} Nxe4 {[%emt 0:00:30]} 14. Nxe4 {[%emt 0:00:30]} Be7 {[%emt 0:00:30]} 15. exd4 {[%emt 0:00:30]} f5 {[%emt 0:00:30]} 16. Ng3 {[%emt 0:00:30]} Bf6 {[%emt 0:00:30]} 17. Bb2 {[%emt 0:00:30]} Qe8 {[%emt 0:00:30]} 18. Re1 {[%emt 0:00:30]} Bd7 {[%emt 0:00:30]} 19. d5 {[%emt 0:00:30]} exd5 {[%emt 0:00:30]} 20. cxd5 {[%emt 0:00:30]} Nd8 {[%emt 0:00:30]} 1-0